|
|
|
|
| LEADER |
01292nam a2200373 a 4500 |
| 001 |
000580568 |
| 003 |
CZ BrMZK |
| 005 |
20110614125541.0 |
| 007 |
ta |
| 008 |
011205s2001 xr g p cze d |
| 015 |
|
|
|a cnb001065799
|
| 020 |
|
|
|a 80-902927-2-0
|
| 035 |
|
|
|a (OCoLC)51185759
|
| 040 |
|
|
|a BOA001
|b cze
|
| 072 |
|
7 |
|a 821.162.3-1
|x Česká poezie
|2 Konspekt
|9 25
|
| 080 |
|
|
|a 821.162.3-1
|2 MRF
|
| 080 |
|
|
|a (0:82-1)
|2 MRF
|
| 100 |
1 |
|
|a Hlaváček, Karel,
|d 1874-1898
|7 jk01041213
|4 aut
|
| 245 |
1 |
0 |
|a Pozdě k ránu /
|c Karel Hlaváček ; [doslov Miloš Pohorský] ;
|b Mstivá kantiléna ; Žalmy
|
| 250 |
|
|
|a Vyd. v Ad Fontes 1.
|
| 260 |
|
|
|a Blansko :
|b Ad Fontes,
|c 2001
|
| 300 |
|
|
|a 93 s. ;
|c 24 cm
|
| 490 |
1 |
|
|a Edice poezie ;
|v sv. 3
|
| 500 |
|
|
|a Výt. č. 147
|
| 655 |
|
7 |
|a česká poezie
|7 fd133958
|2 czenas
|
| 740 |
0 |
2 |
|a Mstivá kantiléna
|
| 740 |
0 |
2 |
|a Žalmy
|
| 700 |
1 |
|
|a Pohorský, Miloš,
|d 1929-2013
|7 jk01100312
|4 wfw
|
| 830 |
|
0 |
|a Edice poezie (Ad Fontes)
|0 s
|
| 856 |
4 |
1 |
|u http://www.digitalniknihovna.cz/mzk/uuid/uuid:d651fb00-2aaa-11e2-89c9-005056827e51
|y Digitalizovaný dokument
|x NDK
|
| 910 |
|
|
|a BOA001
|b 2-1094.822
|
| 990 |
|
|
|a BK
|
| 991 |
|
|
|f B-HLA
|
| 996 |
6 |
|
|b 2610149544
|c 2-1094.822
|l MZK
|r Sklad / do 1 hodiny
|n 8
|p p.v.
|w 000580568
|u 000010
|a 1
|e BOA001
|j MZK50
|s P
|